000
00316nam a2200133 a 4500
005
20140414132113.0
008
110805s19uu xx 00 eng d
050
_a
ER
_b
B38 1985
100
_a
Asch, Frank
245
_a
Bear Shadow.
260
_a
NEw York :
_b
Scholastic,
_c
1985.
999
_c
114803
_d
114803